Economics (Record no. 3441)

000 -LEADER
fixed length control field 00490nam a22002057a 4500
001 - CONTROL NUMBER
control field 3441
003 - CONTROL NUMBER IDENTIFIER
control field BD-DhUET
008 - FIXED-LENGTH DATA ELEMENTS--GENERAL INFORMATION
fixed length control field 141029b xxu||||| |||| 00| 0 eng d
020 ## - INTERNATIONAL STANDARD BOOK NUMBER
International Standard Book Number 007059855X
040 ## - CATALOGING SOURCE
Transcribing agency 0
Modifying agency BD-DhUET
082 ## - DEWEY DECIMAL CLASSIFICATION NUMBER
Classification number 330
Item number SAM/2005
100 ## - MAIN ENTRY--PERSONAL NAME
Personal name Samuelson , Paul A.
245 ## - TITLE STATEMENT
Title Economics
250 ## - EDITION STATEMENT
Edition statement 18th ed.
260 ## - PUBLICATION, DISTRIBUTION, ETC. (IMPRINT)
Place of publication, distribution, etc. New Delhi
Name of publisher, distributor, etc. Tata McGrawhill Publishing
Date of publication, distribution, etc. 2005
300 ## - PHYSICAL DESCRIPTION
Extent xxiv,776 p.
650 #0 - SUBJECT ADDED ENTRY--TOPICAL TERM
Topical term or geographic name as entry element Economics
700 ## - ADDED ENTRY--PERSONAL NAME
Personal name Nordhaus, William D.
942 ## - ADDED ENTRY ELEMENTS (KOHA)
Koha item type General Book
Holdings
Piece designation (barcode) Koha full call number Koha item type Koha normalized classification for sorting Lost status Shelving location Koha date last seen Not for loan Koha date last borrowed Source of classification or shelving scheme Copy number Damaged status Location (home branch) Price effective from Date acquired Withdrawn status Sublocation or collection (holding branch) Koha issues (times borrowed)
101768330/SAM/2005Guide Book330SAM2005 Circulation section2016-07-12 2016-07-12 1 Central Library, BUET2014-10-292014-10-29 Central Library, BUET5
101767330/SAM/2005General Book330_000000000000000_SAM_2005 Circulation section2019-01-30   2 Central Library, BUET2019-01-302006-06-10 Central Library, BUET